NFL Current All Team - Statistics

General Stats
  • This quiz has been taken 154 times
  • The average score is 24 of 29
Answer Stats
Hint Answer % Correct
QB (KC) Patrick Mahomes
99%
C (PHI) Jason Kelce
97%
TE (KC) Travis Kelce
97%
WR2 (MIA) Tyreek Hill
97%
RB1 (TEN) Derrick Henry
96%
WR1 (MIN) Justin Jefferson
96%
TE2 (SF) George Kittle
95%
WR3 (LV) Davante Adams
93%
RB2 (CLE) Nick Chubb
93%
K (BAL) Justin Tucker
89%
HC (KC) Andy Reid
87%
RE (CLE) Myles Garrett
87%
DT (LAR) Aaron Donald
85%
DT2 (KC) Chris Jones
85%
LT (SF) Trent Williams
85%
LE (SF) Nick Bosa
84%
LOLB (PIT) T.J Watt
83%
CB2 (NY) Sauce Gardner
82%
ROLB (DAL) Micah Parsons
81%
RT (PHI) Lane Johnson
80%
MLB1 (SF) Fred Warner
79%
CB1 (DEN) Patrick Surtain
79%
SS (PIT) Minkah Fitzpatrick
75%
CB3 (GB) Jaire Alexander
73%
RG (DAL) Zack Martin
73%
LG (IND) Quenton Nelson
69%
MLB2 (NOS) Demario Davis
59%
FS (LAC) Derwin James
50%
P (SEA) Michael Dickson
30%
No matching quizzes found
Score Distribution
Percent of People with Each Score
Percentile by Number Answered
Your Score History
You have not taken this quiz